| 000 | 00647nam a2200217Ia 4500 | ||
|---|---|---|---|
| 003 | OSt | ||
| 005 | 20250721152137.0 | ||
| 008 | 220923b |||||||| |||| 00| 0 eng d | ||
| 037 | _cReference | ||
| 040 |
_aRTL _cRTL _beng |
||
| 041 |
_2eng _aeng |
||
| 084 |
_aB2891 L9/SC _qRTL |
||
| 100 |
_aSolodovnikov, A.S. _9296986 |
||
| 245 | 0 | _aSystem of linear inequalities | |
| 260 |
_aMoscow _bMir Publishers _c1979 |
||
| 300 |
_a122 p. _bIncludes bibliographical reference and index |
||
| 650 |
_aLinear equalities _9816245 |
||
| 650 | _aMathematics | ||
| 942 |
_hB2891 L9/SC _cREF _2CC _n0 |
||
| 999 |
_c590756 _d590756 |
||